Đồng chí Trường Chinh với Bảo tàng cách mạng Việt Nam /

Spremljeno u:
Bibliografski detalji
Glavni autor: Lưu Việt.
Format: Članak
Jezik:Vietnamese
Oznake: Dodaj oznaku
Bez oznaka, Budi prvi tko označuje ovaj zapis!
Thư viện lưu trữ: Thư viện Trường Đại học Đà Lạt
LEADER 00656nam a2200229 4500
001 DLU090101826
005 ##20091202
040 # # |a DLU  |b vie 
041 # # |a vie 
044 # # |a vn 
100 # # |a Lưu Việt. 
245 # # |a Đồng chí Trường Chinh với Bảo tàng cách mạng Việt Nam /  |c Lưu Việt. 
773 # # |t Văn hoá Nghệ thuật  |g Số 6, 1993, tr. 42-43 
920 # # |a Phòng Tạp chí -- Trung tâm Thông tin - Thư viện Trường Đại học Đà Lạt 
994 # # |a DLU 
900 # # |a True 
911 # # |a Đào Thị Thu Huyền 
925 # # |a G 
926 # # |a A 
927 # # |a BB 
980 # # |a Thư viện Trường Đại học Đà Lạt